La réponse termine par Z - Statistiques

Statistiques générales
  • Ce quiz a été pris 614 fois
  • Le résultat moyen est 12 sur 20
Statistiques - réponses
Indices Réponses % Correct
Il se trouve au milieu de votre visage Nez
100%
Style de musique présenté dans le film d'animation Soul Jazz
92%
Céréale utilisée pour faire les sushis Riz
92%
Vous êtes actuellement en train d'en remplir un Quiz
84%
Célèbre marque américaine de sauce Heinz
82%
L'Hélium, le Néon ou encore le Xénon en sont des nobles Gaz
79%
Pays dans lequel on peut retrouver un lion peureux, un magicien et une sorcière de l'Ouest Oz
69%
Adverbe désignant que quelque chose est en suffisance Assez
66%
Préposition désignant la demeure de quelqu'un Chez
66%
Capitale administrative de la Bolivie La Paz
62%
Aldrin dans la vie réelle, l'Éclair dans la fiction Buzz
58%
Distributeur de bonbons rectangulaire, orné de différentes têtes de la pop culture PEZ
52%
Minéral le plus commun et un composant important du granite Quartz
50%
Footballeur uruguayen adepte de morsures Luis Suarez
47%
Celui du diapason oscille à 440 Hertz
45%
Mot souvent employé pour interpellé les braves gens, damoiselles et damoiseaux Oyez
35%
Anglicisme de l'industrie du divertissement Show-biz
32%
Couvre-chef masculin en feutre rouge portés principalement par les populations musulmanes Fez
28%
Station française de sports d'hiver ayant accueilli la piste de bobsleigh des JO d'hiver de 1968 Alpe d'Huez
20%
Terme désignait à l'origine les forces spéciales de l'armée soviétique Spetsnaz
10%
Aucun quiz correspondant
Distribution des résultats
% des personnes avec chaque résultat
Percentile par nombre de réponses
Votre historique - résultats
Vous n’avez pas pris ce quiz